African Countries with Red, Yellow, and Green Flags - Statistics

General Stats
  • This quiz has been taken 259 times
    197 since last reset
  • The average score is 11 of 13
Answer Stats
Picture Answer % Correct
Mauritania
93%
Burkina Faso
90%
Cameroon
90%
Ethiopia
90%
Ghana
87%
Senegal
87%
Togo
86%
Rep. of the Congo
85%
Benin
84%
São Tomé and Príncipe
84%
Mali
82%
Guinea
81%
Guinea-Bissau
75%
No matching quizzes found
Score Distribution
Percent of People with Each Score
Percentile by Number Answered
Your Score History
You have not taken this quiz since the last reset